| Tag |
First Indicator |
Second Indicator |
Subfields |
| LEADER |
00000cam a2200000La 4500 |
| 001 |
in00002294321 |
| 005 |
20190326194833.0 |
| 006 |
m | d | |
| 007 |
cr |n||||||||n |
| 008 |
880421s1562 xx s f000 0 frm d |
| 040 |
|
|
|a GKS
|c GKS
|d OCL
|d Thomson Gale
|d UtOrBLW
|
| 043 |
|
|
|a e-fr---
|
| 110 |
1 |
|
|a France.
|b Parlement (Toulouse)
|
| 245 |
1 |
0 |
|a Arrest donné par la Court de parlement seant a Tolose :
|b sur la vente dés bledz & autres grains.
|
| 264 |
|
1 |
|a A Tolose :
|b Chez Iacques Colomiés ...,
|c 1562.
|
| 300 |
|
|
|a 8 unnumbered pages ;
|c 18 cm.
|
| 336 |
|
|
|a text
|b txt
|2 rdacontent
|
| 337 |
|
|
|a computer
|b c
|2 rdamedia
|
| 338 |
|
|
|a online resource
|b cr
|2 rdacarrier
|
| 500 |
|
|
|a Dated (page [8]): October 6, 1562.
|
| 500 |
|
|
|a Reproduction of original from Kress Library of Business and Economics, Harvard University.
|
| 500 |
|
|
|a Goldsmiths'-Kress number 00080.1.
|
| 510 |
4 |
|
|a OCLC,
|c 20886810
|
| 533 |
|
|
|a Electronic reproduction.
|b Farmington Hills, Mich. :
|c Thomson Gale,
|d 2005.
|f (The making of the modern world).
|n Available via the World Wide Web.
|n Access limited to licensing agreements.
|7 s2005 miunns
|
| 500 |
|
|
|a Electronic resource.
|
| 650 |
|
0 |
|a Grain trade
|x Law and legislation
|z France
|z Toulouse
|v Early works to 1800.
|
| 650 |
|
0 |
|a Grain
|x Prices
|x Government policy
|z France
|z Toulouse
|v Early works to 1800.
|
| 655 |
|
0 |
|a Electronic books.
|
| 830 |
|
0 |
|a Making of the modern world (Goldsmiths'-Kress Library of Economic Literature)
|
| 856 |
4 |
0 |
|u http://proxy.library.tamu.edu/login?url=http://galenet.galegroup.com/servlet/MOME?af=RN&ae=U100019376&srchtp=a&ste=14&locID=txshracd2898
|z Connect to the full text of this electronic book
|t 0
|
| 999 |
|
|
|a MARS
|
| 999 |
f |
f |
|s 842cf1c8-3d8f-306d-9cf2-ffbb97996dbf
|i 39e95083-6e59-3eeb-94ff-2be3cf777656
|t 0
|
| 952 |
f |
f |
|a Texas A&M University
|b College Station
|c Electronic Resources
|d Available Online
|t 0
|h No information provided
|
| 998 |
f |
f |
|t 0
|l Available Online
|